000 01118nam a22003377a 4500
003 CHAP
005 20220329143726.0
008 110419s1988 us a r 00010 eng d
010 _a100982
011 _a101954
020 _a0826310818
035 _a112642
040 _cCHAP
082 0 4 _a582.1309789
_bM36
100 1 _aMartin, William C.
_971653
245 1 0 _aFall wildflowers of New Mexico
_c/por William C. Martin y Charles R. Hutchins
260 _aAlbuquerque :
_bUniversity of New Mexico,
_c1988
300 _a294 p. :
_bilus.
490 4 _aThe New Mexico Natural History
590 _aBATCH-UPD
_b10
_c20130110
_lUCH01
_h1255
590 _aBATCH-UPD
_b10
_c20130410
_lUCH01
_h0815
590 _aBATCH-UPD
_b10
_c20130914
_lUCH01
_h1417
590 _aCONVERSION
_b10
_c20130109
_lUCH01
_h1356
650 1 4 _aFlores silvestres
_xE.U.A.
_941746
650 1 4 _aFlores
_xIdentificación.
_941382
700 1 _aHutchins, Charles R.
_957019
830 4 _aThe New Mexico Natural History
_9112686
901 _aBK
942 _cLIBRO
949 _a582.1309789 M36
_bBC
_cLIBRO
_d33724002257040
_eLIBRO
_h114718
_i112642
_sb
999 _c100982
_d100982